| 000 | 00432 a2200121 4500 | ||
|---|---|---|---|
| 001 | ART_37725 | ||
| 005 | 20260410161942.0 | ||
| 008 | 260409a | ||
| 245 | 1 | 0 | _aLa consagración normativa de la función preventiva de la responsabilidad civil y su proyección al derecho del trabajo |
| 100 | 1 | _aChara, María J. | |
| 700 | 1 | _aTula, Diego J. | |
| 773 | 0 |
_tTemas de derecho laboral _g- Nº 4 (abr. 2016) _wREV27619 |
|
| 999 |
_c29574 _d29574 |
||